000 00220nam a2200097Ia 4500
008 190216s9999||||xx |||||||||||||| ||und||
100 _aNull
245 0 _aHindi-Yugo Yugo Kanthi
260 _bBhasha Institute
942 _cBK
999 _c18560
_d18560